Datum a čas kvízu
20.5
Celkem bodů
Celkový počet nahraných bodů na tomto kvízu bez doplňovacích otázek.
7.
Pořadí na kvízu
Konečné umístění týmu na tomto kvízu.
Zaznamenané odpovědi
| # | Otázka | Odpověď | Body | Výsledky |
|---|---|---|---|---|
| 1. | Piráti připravili návrh, podle... | 0 | ||
| 2. | Část historických královských... | 1 | ||
| 3. | Známý britský herec a komik od... | 1 | ||
| 4. | Zatímco s robotickým vozítkem... | 0 | ||
| 5. | Jak se jmenuje vítězný tým fin... | 0 | ||
| 6. | O Venezuele se poslední dobou... | 1 | ||
| 7. | Důvodem, proč se o Venezuele m... | 0 | ||
| 8. | Díváme se na podobiznu bezespo... | 0 | ||
| 9. | Nejvyšší vodopád na světě najd... | 0 | ||
| 10. | Vzhledem k přírodním podmínkám... | 0 |